| 000 | 01040nam0a22002651 4500 | ||
|---|---|---|---|
| 001 | rc\460386 | ||
| 005 | 20250621093234.0 | ||
| 010 |
_a5-05-002292-4 _92500 |
||
| 035 | _a(NLR Aleph) 005704864 | ||
| 090 |
_a7316156 _c7316156 |
||
| 100 | _a20030616d1988 |||y0rusy50 ca | ||
| 101 | 0 | _arus | |
| 102 | _aRU | ||
| 105 | _ay ||||||||| | ||
| 200 | 1 |
_aРодственность, преемственность, современность _eО польско-рус. и польско-сов. лит. связях _e[Сб. ст.] _eПер. с польского _fПод общ. ред. [и с предисл., с. 3-22] В. Хорева _g[Коммент. О. Медведевой] |
|
| 210 |
_aМ. _cРадуга _d1988 |
||
| 215 |
_a350, [2] с. _d22 |
||
| 320 | _aБиблиогр. в примеч. в конце ст. | ||
| 320 | _aУказ. имен.: с. 344-351 | ||
| 700 | 1 |
_aБялокозович _bБ. _gБазылий |
|
| 801 | 0 |
_aRU _bNLR _gpsbo |
|
| 801 | 1 |
_aRU _bELAR _2rusmarc |
|
| 852 |
_aNLR _j88-3/13160 |
||
| 942 | _cBOOK | ||
| 980 | _aNB | ||